| 000 | 00912cam a22002411 4500 | ||
|---|---|---|---|
| 001 | ne 62000546 | ||
| 003 | DLC | ||
| 005 | 20260227111735.0 | ||
| 008 | 900525s1959 tu ac 000 0 tur | ||
| 010 | _ane 62000546 | ||
| 035 | _a(OCoLC)21590707 | ||
| 040 |
_aDLC _cCU _dDLC |
||
| 041 | 1 |
_atur _heng |
|
| 042 | _apremarc | ||
| 050 | 0 | 0 |
_aDA46.S7 _bL38 |
| 100 | 2 |
_aLane-Poole, Stanley, _d1854-1931. |
|
| 245 | 0 | 0 |
_aLord Stratford Canning'ın Türkiye hatıraları. _cStanley Lane Pole'un kitabından özetleyip Türkçeye çeviren Can Yücel. |
| 260 |
_aAnkara, _bTürk Tarih Kurumu Basımevi, _c1959. |
||
| 300 |
_acliii, 278 p. _billus. (1 col.) ports. _c24 cm. |
||
| 500 | _aSummarized translation of The life of the Right Honourable Stratford Canning, Viscount Stratford de Redcliffe. | ||
| 600 | 2 | 0 |
_aStratford de Redcliffe, Stratford Canning, _cViscount, _d1786-1880. |
| 700 | 1 |
_aYücel, Can, _eed and tr. |
|
| 999 |
_c45079 _d45079 |
||